| Tag |
First Indicator |
Second Indicator |
Subfields |
| LEADER |
00000cam a2200000 a 4500 |
| 001 |
in00000008152 |
| 005 |
20151002070150.0 |
| 008 |
860611s1987 nyua b 00110 eng |
| 010 |
|
|
|a 86015673
|
| 020 |
|
|
|a 0442210434
|
| 035 |
|
|
|a (OCoLC)13794788
|
| 035 |
|
|
|9 AAA0510AM
|
| 040 |
|
|
|a DLC
|c DLC
|d m/c
|d TXA
|d UtOrBLW
|
| 050 |
0 |
0 |
|a QA76.754
|b .C66 1987
|
| 100 |
1 |
|
|a Connell, John L.,
|d 1943-
|
| 245 |
1 |
4 |
|a The professional user's guide to acquiring software /
|c John L. Connell, Linda Shafer.
|
| 264 |
|
1 |
|a New York :
|b Van Nostrand Reinhold Co.,
|c [1987]
|
| 264 |
|
4 |
|c ©1987
|
| 300 |
|
|
|a xxxi, 310 pages :
|b illustrations ;
|c 24 cm.
|
| 336 |
|
|
|a text
|b txt
|2 rdacontent
|
| 337 |
|
|
|a unmediated
|b n
|2 rdamedia
|
| 338 |
|
|
|a volume
|b nc
|2 rdacarrier
|
| 490 |
1 |
|
|a Van Nostrand Reinhold data processing series
|
| 504 |
|
|
|a Bibliography: pages 301-303.
|
| 500 |
|
|
|a Includes index.
|
| 650 |
|
0 |
|a Computer software.
|
| 650 |
|
0 |
|a Computer software
|x Purchasing.
|
| 700 |
1 |
|
|a Shafer, Linda,
|d 1944-
|
| 830 |
|
0 |
|a Van Nostrand Reinhold data processing series.
|
| 999 |
|
|
|a MARS
|
| 999 |
f |
f |
|s 5483033d-897a-3819-b0f0-2a6bc7f690be
|i 247d7a34-f451-3238-a9be-9b0088f7fe8e
|t 0
|
| 952 |
f |
f |
|p ric
|a Texas A&M University
|b Rellis Campus
|c Joint Library Facility
|d Remote Storage
|t 0
|e QA76.754 .C66 1987
|h Library of Congress classification
|i unmediated -- volume
|m A14812570644
|
| 998 |
f |
f |
|a QA76.754 .C66 1987
|t 0
|l Remote Storage
|